Islam, fundamentalismo y terrorismo /
Sábháilte in:
| Príomhchruthaitheoir: | |
|---|---|
| Formáid: | Téacs |
| Ábhair: | |
| Clibeanna: |
Cuir clib leis
Níl clibeanna ann, Bí ar an gcéad duine le clib a chur leis an taifead seo!
|
MARC
| LEADER | 00000 a a2200000 04500 | ||
|---|---|---|---|
| 001 | 11771 | ||
| 003 | |||
| 040 | |||
| 100 | |a Tahar, Malik | ||
| 245 | |a Islam, fundamentalismo y terrorismo / |c Malik Tahar | ||
| 650 | |a ISLAM | ||
| 650 | |a TERRORISMO | ||
| 650 | |a INTEGRISMO | ||
| 650 | |a RELIGION | ||
| 650 | |a GEOPOLITICA | ||
| 773 | |g número 102; páginas 18-23 | ||
| 999 | |c 32840 |d 32840 | ||
| 773 | 0 | |0 41641 |9 2478 |a Departamento Ecuménico de Investigaciones (DEI) |d San José, Costa Rica Departamento Ecuménico de Investigaciones (DEI) |o 20180 |t Pasos / | |
